| Tag |
First Indicator |
Second Indicator |
Subfields |
| LEADER |
00000pam a2200000 a 4500 |
| 001 |
in00001408043 |
| 005 |
20151020070152.0 |
| 008 |
950405s1996 nyu j 000 1 eng |
| 010 |
|
|
|a 95002922
|
| 020 |
|
|
|a 0590205234
|
| 035 |
|
|
|a (OCoLC)32431732
|
| 035 |
|
|
|9 AHP8424AM
|
| 040 |
|
|
|a DLC
|c DLC
|d UtOrBLW
|
| 049 |
|
|
|a TXAG
|
| 050 |
0 |
0 |
|a PZ7.L3274
|b Tr 1996
|
| 082 |
0 |
0 |
|a [Fic]
|2 20
|
| 100 |
1 |
|
|a Lasky, Kathryn.
|
| 245 |
1 |
0 |
|a True north :
|b a novel of the Underground Railroad /
|c Kathryn Lasky.
|
| 264 |
|
1 |
|a New York :
|b Blue Sky Press,
|c [1996]
|
| 264 |
|
4 |
|c ©1996
|
| 300 |
|
|
|a xii, 267 pages ;
|c 22 cm.
|
| 336 |
|
|
|a text
|b txt
|2 rdacontent
|
| 337 |
|
|
|a unmediated
|b n
|2 rdamedia
|
| 338 |
|
|
|a volume
|b nc
|2 rdacarrier
|
| 504 |
|
|
|a Includes bibliographical references.
|
| 520 |
|
|
|a Because of the strong influence which her grandfather, an abolitionist, has in her life, fourteen-year-old Lucy assists a fugitive slave girl in her escape.
|
| 650 |
|
1 |
|a Abolitionists
|x Fiction.
|
| 650 |
|
1 |
|a Grandparent and child
|x Fiction.
|
| 650 |
|
1 |
|a Fugitive slaves
|x Fiction.
|
| 650 |
|
1 |
|a Slaves
|x Fiction.
|
| 650 |
|
1 |
|a African Americans
|v Fiction.
|
| 948 |
|
|
|a c:pk
|
| 999 |
|
|
|a MARS
|
| 999 |
f |
f |
|s 0340367d-8f80-32ed-9cba-97a8c07eef24
|i 34e904c3-3050-3109-8acf-69fa1e461adf
|t 0
|
| 952 |
f |
f |
|p normal
|a Texas A&M University
|b College Station
|c Sterling C. Evans Library
|d Evans: Curriculum Collection (4th floor)
|t 0
|e PZ7.L3274 Tr 1996
|h Library of Congress classification
|i unmediated -- volume
|m A14822233951
|
| 998 |
f |
f |
|a PZ7.L3274 Tr 1996
|t 0
|l Evans: Curriculum Collection (4th floor)
|